1474 1009 1548 1667 1835 1783 1751 1461 1235 1810 1433 1490 2000 1796 1061 1436 1261 1457 1507 1305 1582 1591 1493 1932 1348 1703 1531 1310 1964 1623 1146 1560 1505 1216 1140 1353 1610 1055 1996 1831 1728 1124 1726 1789 1541 1714 1470 1095 1291 1987 1834 1154 1282 1545 1196 1622 1909 1183 1181 1324 1383 1410 1312 1829 1818 1035 1153 1094 1399 1715 1014 1519 1082 1558 1674 1987 1921 1912 1903 1837 1555 1372 1061 1144 1105 1055 1195 1043 1277 1540 1484 1008 1924 1637 1660 1547 1346 1923 1385 BCNSPRNW ULIB Ver.6.0+V

เปลี่ยนเป็นภาษาไทย

Change to English
 แสดงรายละเอียดบรรณานุกรม
  กลับหน้าหลัก

Brief Record : Get Marc (ISO 2709) : E-mail record : QR code < ปิดหน้าต่าง
LEADER : 00000nam 2200000uu 4500
001    13399114766
003     ULIB
008    020711s2548 th a 000 0 tha d
020    9749269098
050  4 HF5246.55^bภ221จ
100    ^aภาคิน สมมิตร
245    ^aเจ้าสัวน้อย/^cภาคิน สมมิตร
250    พิมพ์ครั้งที่ 2
260    ^aกรุงเทพฯ^bHGC,^c2548
300    224 หน้า
650  7 รวยเร็ว
945    ^p0^l0^i017090
945    ^p190^l0^i017091
995    ทศพร
999 ^a ทศพร
รายการนี้ยังไม่มีแท็ก
คุณยังไม่ได้ล็อกอิน คุณสามารถมีกิจกรรมร่วมกับเว็บไซต์ได้ แต่ต้องล็อกอินก่อน ::
  ล็อกอิน

รายการสื่อสารสนเทศ

ลำดับที่ ประเภท เลขเรียก/บาร์โค้ด สถานที่ สถานะ
1. การศึกษาทั่วไป
การศึกษาทั่วไป
HF5246.55 ภ221จ ฉ.2 
  Barcode: 017091
ห้องสมุดวิทยาเขตนครสวรรค์
►หนังสือทั่วไป:l:General Books
บนชั้น

BibComment


ยังไม่เคยถูกคอมเมนท์

คอมเมนท์ทรัพยากรรายการนี้
  คอมเมนท์: เจ้าสัวน้อย ภาคิ..


 Copyright 2026. Bcnsprnw @Library